Kiến trúc màn cửa trong thế kỷ XXI

Gardado en:
Detalles Bibliográficos
Autor Principal: Vân Lỗi
Formato: Libro
Idioma:Undetermined
Publicado: H. Mỹ Thuật 2003
Những chủ đề:
Các nhãn: Engadir etiqueta
Sen Etiquetas, Sexa o primeiro en etiquetar este rexistro!
Thư viện lưu trữ: Trung tâm Học liệu Trường Đại học Cần Thơ
LEADER 00485nam a2200181Ia 4500
001 CTU_56914
008 210402s9999 xx 000 0 und d
020 |b 45000 
082 |a 747.3 
082 |b V121 
100 |a Vân Lỗi 
245 0 |a Kiến trúc màn cửa trong thế kỷ XXI 
245 0 |c Vân Lỗi 
260 |a H. 
260 |b Mỹ Thuật 
260 |c 2003 
650 |a interior decoration 
980 |a Trung tâm Học liệu Trường Đại học Cần Thơ